FC 24 TOTW 16 - Statistics

General Stats
  • This quiz has been taken 9 times
  • The average score is 6 of 18
Answer Stats
rat pos club player % Correct
TOTW 92 RW Liverpool Mohamed Salah
100%
TOTW 87 LM Al-Nassr Sadio Mané
86%
TOTW 86 CAM Manchester City Phil Foden
71%
TOTW 84 RW Crystal Palace Michael Olise
57%
TOTW 83 CAM Chelsea Cole Palmer
43%
TOTW 86 CF Benfica Rafa Silva
43%
TOTW 83 ST Nottingham Forest Chris Wood
29%
TOTW 85 GK Anderlecht Kasper Schmeichel
29%
TOTW 84 CB West Ham United Konstatinos Mavropanos
29%
TOTW 83 CM Udinese Martin Payero
14%
TOTW 83 LB Sheffield Wednesday Marvin Johnson
14%
TOTW 86 CB Genoa Radu Drăgușin
14%
TOTW 84 CB Al-Ahli Roger Ibañez
14%
TOTW 83 RM Coventry City Tatsuhiro Sakamoto
14%
TOTW 84 ST Lazio Valentin Castellanos
14%
TOTW 83 CM Sporting Charleroi Adam Zorgane
0%
TOTW 86 CM Braga Rodrigo Zalazar
0%
TOTW 83 ST Rotherwell Theo Bair
0%
No matching quizzes found
Score Distribution
Percent of People with Each Score
Percentile by Number Answered
Your Score History
You have not taken this quiz